• 首页
  • 本馆介绍
  • 公告通知
  • 最新文献
  • 馆藏检索
  • 电子资源
  • 读者荐购
  • 参考咨询
  • CALIS
  • 我的图书馆
  • 登录
  • 详细信息显示
  • 放入我的书架
  • 预约/预借图书
  • 作者相关作品
  • 分类相关作品
  • 丛书相关作品
  • 出版社相关作品

书目信息

  • 表格格式
  • 工作单格式
  • 卡片格式
题名:
镖局
    
 
作者: 何明敏 著
分册:  
出版信息: 北京   中国言实出版社  2007.06
页数: 139页
开本: 24cm
丛书名:
单 册:
中图分类: F270
科图分类:
主题词: 企业管理--通俗读物
电子资源:
ISBN: 978-7-80128-895-0
 
 
 
 
 
000 00784nam0 2200229 450
001 012010622817
005 20101124143021.50
010    @a978-7-80128-895-0@dCNY20.00
100    @a20101129d2007 em y0chiy0110 ea
101 0  @achi
102    @aCN@b110000
105    @ay z 000yy
200 1  @a镖局@Abiao ju@e现代企业的江湖式生存@f何明敏著
210    @a北京@c中国言实出版社@d2007.06
215    @a139页@d24cm
330    @a本书分为六章,阐述了镖局给现代企业生存提供的智慧,内容包括:一个优秀的江湖大哥——当家人、镖师们的江湖式生存、行规需要道上的朋友一起来维护等。
517 1  @a现代企业的江湖式生存@Axian dai qi ye de jiang hu shi sheng cun
606 0  @a企业管理@x通俗读物
690    @aF270@v4
701  0 @a何明敏@Ahe ming min@4著
801  0 @aCN@c20101129
905    @dF270@eH194
    
    镖局:现代企业的江湖式生存/何明敏著.-北京:中国言实出版社,2007.06
    139页;24cm
    
    
    ISBN 978-7-80128-895-0:CNY20.00
    本书分为六章,阐述了镖局给现代企业生存提供的智慧,内容包括:一个优秀的江湖大哥——当家人、镖师们的江湖式生存、行规需要道上的朋友一起来维护等。
●
相关链接 在E读中查询图书 在当当中查询图书 在豆瓣中查询图书


正题名:镖局     索取号:F270/H194         预约/预借

序号 登录号 条形码 馆藏地/架位号 状态 备注
1 1035534   210355346   社科库409/409社科库 83排1列5层/ [索取号:F270/H194] 在馆    
2 1035535   210355355   社科库409/400B社科库 6排3列3层/ [索取号:F270/H194] 在馆    
3 1035536   210355364   社科库409/409社科库 83排1列5层/ [索取号:F270/H194] 在馆    
河南城建学院图书馆 欢迎您!
大连网信软件有限公司© 版权所有